| 000 | 00715nam a2200229 ar4500 | ||
|---|---|---|---|
| 001 | 991 | ||
| 005 | 20221127090103.0 | ||
| 008 | 080730s xxk 00110 eng d | ||
| 020 |
_a0521696372 : _cSR113.00 |
||
| 082 | 0 | 4 |
_a510.76 _bN317 2005 |
| 100 | 1 | _aNeill, Hugh. | |
| 245 | 1 | 0 |
_aPure mathematics. _n1 / _cHugh Neill, Douglas Quadling. |
| 250 | _a5th ed. | ||
| 260 |
_aCambridge : _bCambridge University Press, _c2005. |
||
| 300 |
_a316 p. ; _c24 cm. |
||
| 440 | 0 | _aCambridge advanced level mathematics. | |
| 500 | _aFirst published : 2002. | ||
| 500 | _aIncludes index. | ||
| 650 | 4 |
_aMathematics _vExaminations, questions, etc. |
|
| 650 | 4 |
_aMathematics _vTextbooks. |
|
| 700 | 0 |
_aQudaling, Douglas, _ejt. author. |
|
| 999 |
_c991 _d991 |
||